| 000 | 03413nam a22012614i 4500 | ||
|---|---|---|---|
| 003 | PE-LiUPU | ||
| 005 | 20250813185331.0 | ||
| 008 | 151211s2014 pe 000 0 spa d | ||
| 020 | _a612464066X | ||
| 020 | _a9786124640667 | ||
| 035 | _a(Sirsi) i9786124640667 | ||
| 040 |
_aPUCPR _bspa _cPUCPR _dPE-LiUPU _erda |
||
| 049 | _aPRUA | ||
| 082 | 0 | 4 |
_a379.85 _bS5 _221 |
| 110 | 2 |
_aSINEACE, _eautor. |
|
| 245 | 0 | 0 |
_aCiudadanía y ciencias sociales : _b¿cómo abordar los estándares de aprendizaje? / _cPeregrina Morgan Lora, [y otros más]. |
| 250 | _a1a edición. | ||
| 264 |
_aLima : _bSistema Nacional de Evaluación, Acreditación y Certificación de la Calidad Educativa, _c2014. |
||
| 300 |
_a49 páginas ; _c24 centímetros. |
||
| 336 |
_atext _2rdacontent |
||
| 337 |
_aunmediated _2rdamedia |
||
| 338 |
_avolume _2rdacarrier |
||
| 490 | 0 |
_aEstudios y experiencias ; _v2 |
|
| 504 | _aBibliográfia : páginas 43-49. | ||
| 505 | 0 | _aAnálisis comparado de propuestas peruanas e internacionales: lógica de las propuestas curriculares y de la evaluación de las áreas -- Dominios generales de las cuatro áreas: personal social (primaria) e historia, geografía y economía; formación ciudadana y cívica; y persona, familia y relaciones humanas (secundaria). | |
| 526 | _aP202 | ||
| 526 | _aP201 | ||
| 526 | _aP163 | ||
| 526 | _aP162 | ||
| 526 | _aP161 | ||
| 526 | _aP160 | ||
| 526 | _aP148 | ||
| 526 | _aP147 | ||
| 526 | _aP146 | ||
| 526 | _aP145 | ||
| 526 | _aP144 | ||
| 526 | _aP143 | ||
| 526 | _aP142 | ||
| 526 | _aP141 | ||
| 526 | _aP140 | ||
| 526 | _aP139 | ||
| 526 | _aP138 | ||
| 526 | _aP137 | ||
| 526 | _aP136 | ||
| 526 | _aP135 | ||
| 526 | _aP134 | ||
| 526 | _aP133 | ||
| 526 | _aP129 | ||
| 526 | _aP128 | ||
| 526 | _aP127 | ||
| 526 | _aP120 | ||
| 526 | _aP119 | ||
| 526 | _aP118 | ||
| 526 | _aP116 | ||
| 526 | _aP115 | ||
| 526 | _aP114 | ||
| 526 | _aP110 | ||
| 526 | _aP109 | ||
| 526 | _aP108 | ||
| 526 | _aP104 | ||
| 526 | _aP103 | ||
| 526 | _aP102 | ||
| 526 | _aP99 | ||
| 526 | _aP98 | ||
| 526 | _aP97 | ||
| 526 | _aP96 | ||
| 526 | _aP95 | ||
| 526 | _aP93 | ||
| 526 | _aP90 | ||
| 526 | _aP89 | ||
| 526 | _aP88 | ||
| 526 | _aP83 | ||
| 526 | _aP82 | ||
| 526 | _aP62 | ||
| 526 | _aP59 | ||
| 526 | _aP58 | ||
| 526 | _aP57 | ||
| 526 | _aP51 | ||
| 526 | _aP49 | ||
| 526 | _aP48 | ||
| 526 | _aP47 | ||
| 526 | _aP29 | ||
| 526 | _aP24 | ||
| 526 | _aP20 | ||
| 526 | _aP19 | ||
| 526 | _aP17 | ||
| 526 | _aP15 | ||
| 526 | _aP14 | ||
| 526 | _aP12 | ||
| 526 | _aP10 | ||
| 526 | _aP09 | ||
| 526 | _aP08 | ||
| 526 | _aP07 | ||
| 526 | _aP06 | ||
| 526 | _aP05 | ||
| 526 | _aP04 | ||
| 526 | _aP01 | ||
| 650 | 1 | 4 | _aAprendizaje (Educación). |
| 650 | 2 | 4 |
_aCiencias sociales _xEstudio y enseñanza. |
| 700 | 1 |
_aMorgan Lora, Peregrina, _editor. |
|
| 910 |
_ajck _bncf _cncf _d20160810 |
||
| 942 |
_2ddc _cBOOK |
||
| 949 |
_a371.2 S57 _wDEWEY _c1 _i74329 _lCCODEBUL1 _mBUL _p7.00 _r0 _sY _tBOOK _u2016-8-10 _xEDUCACION _PP20 _0COMPRA _o.STAFF. Colección General |
||
| 994 |
_aC0 _bPEPRU |
||
| 596 | _a1 | ||
| 999 |
_a371.2 S57 _wDEWEY _c11840 _i74329 _e2017-5-10 _f2021-11-8 _g5 _lCCODEBUL1 _mBUL _n1 _p7.00 _r0 _sY _tBOOK _u2016-8-10 _xEDUCACION _PP20 _0COMPRA _o.STAFF. Colección General _d11840 |
||
| 980 |
_81 _gALBERTO SANCHEZ Responsable de Automatización |
||